Health Education & Community Pharmacy (Record no. 8585)

MARC details
000 -LEADER
fixed length control field 00424nam a22001457a 4500
008 - FIXED-LENGTH DATA ELEMENTS--GENERAL INFORMATION
fixed length control field 200319b ||||| |||| 00| 0 eng d
020 ## - INTERNATIONAL STANDARD BOOK NUMBER
International Standard Book Number 9788123904078
082 ## - DEWEY DECIMAL CLASSIFICATION NUMBER
Classification number 615.1 PAH
100 ## - MAIN ENTRY--PERSONAL NAME
Personal name Parmar, N. S.
245 ## - TITLE STATEMENT
Title Health Education & Community Pharmacy
250 ## - EDITION STATEMENT
Edition statement 1st/e, Reprint 2019
260 ## - PUBLICATION, DISTRIBUTION, ETC. (IMPRINT)
Place of publication, distribution, etc New Delhi
Name of publisher, distributor, etc CBS Publishers & Distributors
650 ## - SUBJECT ADDED ENTRY--TOPICAL TERM
Topical term or geographic name as entry element Community Pharmacy and Health Education
942 ## - ADDED ENTRY ELEMENTS (KOHA)
Source of classification or shelving scheme Dewey Decimal Classification
Koha item type Text Books
942 ## - ADDED ENTRY ELEMENTS (KOHA)
-- 1
Holdings
Withdrawn status Lost status Source of classification or shelving scheme Damaged status Not for loan Collection code Home library Current library Shelving location Date acquired Source of acquisition Currency Cost, normal purchase price Bill Number Total Checkouts Full call number Acc. no. / Barcode Date last seen Copy number Actual Cost, discounted price Bill Date Koha item type Date last borrowed
    Dewey Decimal Classification     B.Pharma PIET C-LIBRARY PIET C-LIBRARY Ref. Sec. R11 07/01/2020 Kirti Prakashan IN Rupees 350.00 IN5980   615.5071 PAH BP290 19/03/2020 1 227.50 07/01/2020 Reference Books  
    Dewey Decimal Classification     B.Pharma PIET C-LIBRARY PIET C-LIBRARY   07/01/2020 Kirti Prakashan IN Rupees 350.00 IN5980 1 615.5071 PAH BP291 29/05/2023 2 227.50 07/01/2020 Text Books 03/02/2023
    Dewey Decimal Classification     B.Pharma PIET C-LIBRARY PIET C-LIBRARY   07/01/2020 Kirti Prakashan IN Rupees 350.00 IN5980   615.5071 PAH BP292 19/03/2020 3 227.50 07/01/2020 Text Books  

Design & Developed by: PIET Central Library
R70 Miles Stone Pattikalyana Samalkha Panipat 132102
mail ID :- [email protected], Phone No:- 0180-2569700 Ex.216